Score 0/16 Timer 03:00
1 Play Today
Hint Answer % Correct
YOBBoy
99.5%
OFXFox
94.9%
CHEAPPeach
93.5%
TORTTrot
91.8%
LWORDWorld
78.5%
TACOFRYFactory
61.9%
ARGUSSugar
57.2%
SHYMERRhymes
45.1%
Hint Answer % Correct
FRINGEFinger
38.7%
TWISTTwits
38.1%
CRAVIVicar
33.5%
FEARFIGGiraffe
29.8%
DICEMINEMedicine
21.2%
CHEWSITWitches
21%
Name in common with all of the above:Roald Dahl
12.9%
COOLCIDERCrocodile
7.5%
Remove Ads.
Support Sporcle.
Get the best of Sporcle when you Go Orange. This ad-free experience offers more features, more stats, and more fun while also helping to support Sporcle. Thank you for becoming a member.

You're not logged in!

Compare scores with friends on all Sporcle quizzes.
OR
Log In

Show Comments

Extras

Top Quizzes Today


Score Distribution

Your Account Isn't Verified!

In order to create a playlist on Sporcle, you need to verify the email address you used during registration. Go to your Sporcle Settings to finish the process.

Report this User

Report this user for behavior that violates our Community Guidelines.

Details: